LEADER 01599nam a2200349 u 4500 001 000000091355 003 CaOOAMICUS 005 20100512100900.0 008 060317s1988 it u000 u ita u 020 $a8821184560 035 $a11081816 040 $aPUL(R)$bita 100 0 $aRashi,$d1040-1105.$0(OLS)http://pul/name/2325 245 10$aCommento all'Esodo /$cRashi di Troyes ; a cura di Sergio J. Sierra. 260 $aGenova :$bMarietti,$c1988. 300 $axxxii, 368 p.$c22 cm 490 1 $a"Ascolta, Israele!" : commenti alle Scritture delle tradizioni ebraica e cristiana ;$v5 500 $aIn testa al tit.: Rashi di Troyes. 504 $aBibliografia: p. [xxiv]-xxviii. 700 1 $aSierra, Sergio J.$0(OLS)http://pul/name/22946 830 1$a"Ascolta, Israele!" : commenti alle Scritture delle tradizioni ebraica e cristiana ;$v5.$0(OLS)http://pul/title/13661 850 $aPUL 852 $aPUL$W1$xDP1 Fondo Gelio$y54$m3 C 31$j38974$nBK-PRI$b $qFondi$B115090$CPULBib$Z2$F115090 $HPUL0158 $81 852 $aPUL$W1$xSL Religione 1$y3$m6 A 27$j115379$ac.2$qStampati$B120058$CPULBib$Z2$F120058 $H60171 $82 900 $aSalomon Izhaqi,$d1040-1105$92325 900 $aSolomon Jarchi,$d1040-1105$92325 900 $aRabbi Shlomo Yitzhaqi,$d1040-1105$92325 900 $aRashi di Troyes,$d1040-1105$92325 941 1 $a1 996 $6020$a8821184560$9(OLS)http://pul/number/119786 996 $6245$aCommento all'Esodo$9(OLS)http://pul/title/117931 996 $6260$aGenova :$bMarietti$9(OLS)http://pul/publisher/48994 LEADER 01527nam a2200361 a 4500 001 000000137540 003 CaOOAMICUS 005 20140226142419.0 008 140226s2013 it u000 u ita r 020 $a978-88-10-80255-7 040 $aPUL$bita 082 04$a262.9 110 2 $aPapi (2005-2013 : Benedictus XVI).$0(OLS)http://pul/name/64993 245 10$aEncicliche di Benedetto XVI :$bDeus caritas est, Spe salvi, Caritas in veritate. 246 30$aDeus caritas est 246 30$aSpe salvi 246 30$aCaritas in veritate 260 $aBologna :$bEDB,$cİ2013. 300 $a193 p. ;$c17 cm 600 04$aBenedictus PP. XVI,$d1927-2022$xEncicliche.$0(OLS)http://pul/subject/38505 850 $aPUL 852 $aPUL$W1$xSL Diritto Canonico 3$y77$m262. 9 BENED16 3$j158556$qDDC 21$B158069$CPULBib$Z2$F158069 $H123529 $82 900 $aBenedictus PP.$bXVI,$d1927-2022$964993 900 $aBenedictus PP.$bXVI,$d1927-2022$964993 941 1 $a9 996 $6020$a978-88-10-80255-7$9(OLS)http://pul/number/154632 996 $6082$a262.9$9(OLS)http://pul/classification/369 996 $6246$aSpe salvi$9(OLS)http://pul/title/136954 996 $6246$aCaritas in veritate$9(OLS)http://pul/title/156428 996 $6246$aDeus caritas est$9(OLS)http://pul/title/174141 996 $6245$aEncicliche di Benedetto XVI :$bDeus caritas est, Spe salvi, Caritas in veritate$9(OLS)http://pul/title/174140 996 $6260$aBologna :$bEDB$9(OLS)http://pul/publisher/56073